Loading...
| Ancient History and Archaeology | 2 | 5.00 | 0% | 0% | 100% |
| Beliefs | 7 | 5.71 | 114% | 29% | 29% |
| British and Commonwealth History | 3 | 10.00 | 0% | 200% | 0% |
| Current Events | 1 | 0.00 | 0% | 0% | 0% |
| Fine Arts - Auditory | 3 | 16.67 | 133% | 133% | 133% |
| Fine Arts - Visual | 3 | 6.67 | 0% | 133% | 0% |
| Geography | 2 | 15.00 | 200% | 100% | 100% |
| History - American | 6 | 11.67 | 67% | 133% | 67% |
| History - European | 2 | 10.00 | 200% | 100% | 0% |
| History - World | 8 | 7.50 | 150% | 75% | 0% |
| Literature - American | 5 | 8.00 | 80% | 80% | 40% |
| Literature - British | 5 | 8.00 | 0% | 80% | 80% |
| Literature - European | 5 | 14.00 | 160% | 80% | 120% |
| Other Academic | 1 | 0.00 | 0% | 0% | 0% |
| Other Arts: Auditory | 2 | 20.00 | 400% | 100% | 100% |
| Other Arts: Visual | 2 | 10.00 | 200% | 100% | 0% |
| Other Science: Astronomy | 1 | 10.00 | 0% | 200% | 0% |
| Other Science: Earth Science | 2 | 10.00 | 0% | 200% | 0% |
| Philosophy | 2 | 5.00 | 200% | 0% | 0% |
| Science - Biology | 4 | 10.00 | 0% | 150% | 50% |
| Science - Chemistry | 2 | 15.00 | 200% | 0% | 200% |
| Science - Physics | 4 | 10.00 | 0% | 100% | 100% |
| Social Science | 5 | 10.00 | 160% | 80% | 40% |
| World and Other Literature | 3 | 13.33 | 267% | 67% | 67% |